000
00224 a2200097 4500
001
44253
100
_a
Moon
245
_a
Artificial Radio Activity
260
_a
London
_b
Cambridge University Press
_c
090
_c
27996
_d
27996
942
_a
NUST-CAE
_c
M
_c
19997
999
_c
279326
_d
279326